000 00861nas a2200277 4500
001 BR8402901
003 BR-BrBNA
005 20231205085927.0
007 ta
008 230509b bl.|||p| |||| 00| 00por d
040 _aBR-BrBNA
_bpor
_cBiblioteca Nacional de Agricultura
041 _a(Pt)
072 _aF00
100 1 _aFreire, F.L. de B.
100 1 _aVieira, G.S.
100 1 _aDuarte, R.M.M.
245 1 _aColheita, classificacao e embalagem da cenoura e mandioquinha-salsa
650 _aCENOURA
650 _aMANDIOQUINHA-SALSA
650 _aCOLHEITA
650 _aCONTROLE DE QUALIDADE
650 _aEMBALAGEM
773 0 _tInforme Agropecuario - Empresa de Pesquisa Agropecuaria de Minas Gerais (Brazil)
_xISSN 0100-3364
_g(Dec 1984), v. 10(120) p. 57-59
_wBR8402901
909 _a202311
_bLúcia
_c55
_dLúcia Elande
942 _2AGRIS
_n0
_cANA
999 _c114841
_d114841